Normal view
MARC view
- Telecommunication Engineering
Entry Corporate Name
001 - CONTROL NUMBER
- control field: 102851
003 - CONTROL NUMBER IDENTIFIER
- control field: NUST
005 - DATE AND TIME OF LATEST TRANSACTION
- control field: 20221117125818.0
008 - FIXED-LENGTH DATA ELEMENTS
- fixed length control field: 221117|| aca||aabn | a|a d
040 ## - CATALOGING SOURCE
- Original cataloging agency: NUST
- Transcribing agency: NUST
110 ## - HEADING--CORPORATE NAME
- Corporate name or jurisdiction name as entry element: Telecommunication Engineering
670 ## - SOURCE DATA FOUND
- Source citation: Work cat.: (NUST)189449: G. S. N. Raju 102850, Antennas and Wave Propagation /, 2009
